| 000 | 00753nam a2200193 a 4500 | ||
|---|---|---|---|
| 008 | 060424s1993 ||||||||||||||||| || u | ||
| 020 | _a0889366853 | ||
| 020 | _a9231029398 | ||
| 050 | _aLB 2322.2 Cab | ||
| 100 | _aBorrero, Alfonso | ||
| 245 | 1 | 4 | _aThe university as an institution today : topics for reflection |
| 260 |
_aOttawa : _bInternational Development Research Centre UNESCO Pub _c1993 |
||
| 300 | _axxiv, 238 p. | ||
| 350 | _a0.00 | ||
| 500 | _aIncludes bibliographical references | ||
| 650 | _aUNIVERSITIES AND COLLEGES--ADMINISTRATION | ||
| 700 | _aCabal, Alfonso Borrero | ||
| 995 |
_D0.00 _FCBU-MAIN LIBRARY (Kitwe) _H1 _I30.00 _UAVAILABLE _ZMain Library Open Access Collection |
||
| 999 |
_c60888 _d60888 |
||